00882 am a2200241ua 4500001001000000003000400010005001700014008004100031020004000072040002700112050001300139100002700152245012800179260003400307300004100341336002600382337002800408338002700436504002000463650005800483650006900541700003000610008143246OSt20251103112758.0021031s1994 enka || 001 ||eng  a9781863781312 (Paperback)cUSD 8.00 aUkcUkbengdNUSTerda aRD97 KEN1 aKennedy, DavideAuthor14aThe children's sports injuries handbook :ba practical guide for parents and coaches /cDavid Kennedy and Peter Fitzgerald. aSydney :bBay Books,c©1994. a128 pages :bIllustrations ;c25 cm. atext2rdacontentbtxt aunmediated2rdamediabn avolume2rdacarrierbnc aIncludes index. 0aSports injuries in childrenvHandbooks, manuals, etc. 0aSports injuries in childrenxTreatmentvHandbooks, manuals, etc.1 aFitzgerald, PetereAuthor